Flagi europy - Statystyki

Ogólne statystyki
  • Ten quiz został rozwiązany 17 razy
    16 od ostatniego zresetowania
  • Średni wynik to 44 z 47
Statystyki odpowiedzi
Obrazkowy Odpowiedź % Poprawnych
Albania
100%
Austria
100%
Belgia
100%
Białoruś
100%
Bośnia i Hercegowina
100%
Chorwacja
100%
Czechy
100%
Dania
100%
Estonia
100%
Finlandia
100%
Francja
100%
Grecja
100%
Hiszpania
100%
Holandia
100%
Irlandia
100%
Islandia
100%
Litwa
93%
Łotwa
93%
Macedonia Północna
93%
Niemcy
93%
Norwegia
93%
Polska
93%
Portugalia
93%
Rosja
93%
Rumunia
93%
Słowacja
93%
Szwajcaria
93%
Szwecja
93%
Turcja
93%
Ukraina
93%
Watykan
93%
Wielka Brytania
93%
Włochy
93%
Bułgaria
86%
Czarnogóra
86%
Kazachstan
86%
Liechtenstein
86%
Luksemburg
86%
Mołdawia
86%
Monako
86%
Serbia
86%
Słowenia
86%
Węgry
86%
Andora
79%
Kosowo
79%
Malta
79%
San Marino
79%
Nie znaleziono quizów pasujących do podanych kryteriów
Rozkład punktacji
Procent ludzi z każdym wynikiem
Percentyl według liczby udzielonych odpowiedzi
Twoja historia wyników
Nie rozwiązałeś tego quizu od ostatniego zresetowania